| 000 | 01048nam a2200265 i 4500 | ||
|---|---|---|---|
| 001 | 82022 | ||
| 003 | ES-MaACL | ||
| 005 | 20250821111652.0 | ||
| 007 | t| | ||
| 008 | 041118s1997 sp ||||1| spa d | ||
| 020 | _a84-605-6144-5 | ||
| 080 | _a929 Felipe (460) II | ||
| 080 | _a946.0"1556/98" | ||
| 100 | 1 |
_aAltamira, Rafael, _d1866-1951 _920515 |
|
| 245 | 1 | 0 |
_aEnsayo sobre Felipe II, hombre de estado _b: su psicología general y su individualidad humana / _cRafael Altamira y Crevea ; estudio introductorio de José Martínez Millán. |
| 260 |
_a[Alicante] : _bAsociación Española de Historia Moderna : _bFundación Rafael Altamira, _c[1997] |
||
| 300 |
_a262 p. ; _c21 cm. |
||
| 600 | 0 | 4 |
_aFelipe _bII, _cRey de España _949175 |
| 651 | 4 |
_aEspaña- _xHistoria- _y1556-1598, Felipe II. _98218 |
|
| 700 | 1 |
_aMartínez Millán, José. _978237 |
|
| 710 | 2 |
_aAsociación Española de Historia Moderna. _91668 |
|
| 710 | 2 |
_aFundación Rafael Altamira. _94398 |
|
| 852 |
_aES-MaACL _jL-28501 _bR.134366 |
||
| 999 |
_c82022 _d82022 |
||